U.S. State Area Battle - Sudden Death - Statistics

General Stats
  • This quiz has been taken 64 times
  • The average score is 2 of 10
Answers on the Grid
Answers color-coded by a green-red scale on the quiz's grid according to % correct below.
Montana
Alaska
Texas
New York
Iowa
North Carolina
Delaware
Connecticut
Rhode Island
Virginia
Tennessee
Ohio
Arkansas
Alabama
Pennsylvania
Utah
Oklahoma
Nebraska
Florida
Minnesota
Michigan
Maryland
Maine
West Virginia
Nevada
Missouri
New Mexico
Massachusetts
Hawaii
New Hampshire
 
Answer Stats
Answer % Correct
Alaska
100%
Connecticut
26%
Iowa
17%
Ohio
14%
Arkansas
9%
Utah
9%
Maine
6%
New Mexico
6%
Hawaii
3%
Michigan
3%
No matching quizzes found
Score Distribution
Percent of People with Each Score
Percentile by Number Answered
Your Score History
You have not taken this quiz